SRIKRISHNA THE LORD OF THE UNIVERSE (Record no. 31326)
[ view plain ]
| 000 -LEADER | |
|---|---|
| fixed length control field | 00314nam a2200133Ia 4500 |
| 008 - FIXED-LENGTH DATA ELEMENTS--GENERAL INFORMATION | |
| fixed length control field | 240624s9999 xx 000 0 und d |
| 041 ## - LANGUAGE CODE | |
| Language code of text/sound track or separate title | eng |
| 082 ## - DEWEY DECIMAL CLASSIFICATION NUMBER | |
| Classification number | 823 SAW |
| 100 ## - MAIN ENTRY--PERSONAL NAME | |
| Personal name | SAWANT SHIVAJI |
| 245 ## - TITLE STATEMENT | |
| Title | SRIKRISHNA THE LORD OF THE UNIVERSE |
| 260 ## - PUBLICATION, DISTRIBUTION, ETC. | |
| Place of publication, distribution, etc. | Pune |
| 300 ## - PHYSICAL DESCRIPTION | |
| Extent | 1066 pages ; , 23 cm |
| 365 ## - TRADE PRICE | |
| Currency code | RS |
| Withdrawn status | Lost status | Damaged status | Not for loan | Home library | Current library | Shelving location | Date acquired | Cost, normal purchase price | Full call number | Barcode | Date last seen | Price effective from | Koha item type |
|---|---|---|---|---|---|---|---|---|---|---|---|---|---|
| IMTN | IMTN | Rack 38-B | 09/18/2018 | 870.00 | 823 SAW | 31326 | 06/24/2024 | 06/24/2024 | Books |